सात भारतीय संतः (Record no. 48515)

MARC details
000 -LEADER
fixed length control field 01149nam a22002537a 4500
005 - DATE AND TIME OF LATEST TRANSACTION
control field 20101028111547.0
008 - FIXED-LENGTH DATA ELEMENTS--GENERAL INFORMATION
fixed length control field 101028t xxu||||| |||| 00| 0 hin d
010 ## - LCCN (DPL NO)
LC control number HIN-90925
020 ## - INTERNATIONAL STANDARD BOOK NUMBER
Terms of availability 65.00
International Standard Book Number 9788123757926
035 ## - SYSTEM CONTROL NUMBER
System control number HN-63271
037 ## - SOURCE OF ACQUISITION
Source of stock number/acquisition DBAD / PUB
040 ## - CATALOGING SOURCE
Original cataloging agency DPL
Language of cataloging HN
082 ## - DEWEY DECIMAL CLASSIFICATION NUMBER
Classification number 291.2130954
100 ## - MAIN ENTRY--PERSONAL NAME
Personal name बंशी, बलदेव
9 (RLIN) 24013
245 ## - TITLE STATEMENT
Title सात भारतीय संतः
Statement of responsibility, etc बलदेव बंशी
Remainder of title जीवन-दर्शन और संदेश /
260 ## - PUBLICATION, DISTRIBUTION, ETC. (IMPRINT)
Place of publication, distribution, etc नई दिल्ली
Name of publisher, distributor, etc नेशनल बुक ट्रस्ट
Date of publication, distribution, etc 2010
270 ## - ADDRESS
Address नेहरू भवन, 5 इंस्टीटयूशनल एरिया, फेज-11, वंसतकुंज
City नई दिल्ली
Postal code 110070
300 ## - PHYSICAL DESCRIPTION
Extent 182पृ
Dimensions 22सेमी (अजिल्द)
650 ## - SUBJECT ADDED ENTRY--TOPICAL TERM
9 (RLIN) 1159
700 ## - ADDED ENTRY--PERSONAL NAME
9 (RLIN) 24014
700 ## - ADDED ENTRY--PERSONAL NAME
9 (RLIN) 24064
942 ## - ADDED ENTRY ELEMENTS (KOHA)
Source of classification or shelving scheme Dewey Decimal Classification
Item type Hindi Books
Classification part 291.2130954
Call number suffix बंशीब
Holdings
Withdrawn status Lost status Source of classification or shelving scheme Damaged status Not for loan Collection code Home library Current library Date acquired Source of acquisition Cost, normal purchase price Total Checkouts Full call number Barcode Date last seen Copy number Cost, replacement price Koha item type
    Dewey Decimal Classification   Not For Loan Non-fiction D.B.Act.Division D.B.Act.Division 30/10/2010 DBAD / PUB 65.00   291.2130954 बंशीब HN-63271 30/10/2010 1 65.00 Hindi Books

© Delhi Public Library
Hit Counter
free hit counter